Special report: property partners (Record no. 118162)

MARC details
000 -LEADER
fixed length control field 01124cam a2200277 4500
001 - CONTROL NUMBER
control field ABS68296
008 - FIXED-LENGTH DATA ELEMENTS--GENERAL INFORMATION
fixed length control field 041014n2004 000 0 eng u
035 ## - SYSTEM CONTROL NUMBER
System control number (Sirsi) u127704
100 ## - MAIN ENTRY--PERSONAL NAME
Personal name Jansen, M.
245 ## - TITLE STATEMENT
Title Special report: property partners
260 ## - PUBLICATION, DISTRIBUTION, ETC.
Date of publication, distribution, etc. 2004
490 ## - SERIES STATEMENT
Series statement Property Week
Volume/sequential designation 69(40) 1 October 2004, 51-62(8)
520 ## - SUMMARY, ETC.
Summary, etc. "Powell power" profiles former Westminster planning chief Carl Powell who has returned to the private sector. "Dutch master" reports on the government-occupied, award winning De Hoftoren building in the Hague. "The omnipresent occupier" reports on a meeting hosted by HOK, to discuss the relationship between architects and occupiers. "Sick builders syndrome" highlights how contractors are looking for bigger margins and are desperate for new recruits.
590 ## - LOCAL NOTE (RLIN)
Local note ABS
590 ## - LOCAL NOTE (RLIN)
Local note ABS
650 ## - SUBJECT ADDED ENTRY--TOPICAL TERM
Topical term or geographic name entry element BUILDING CONTRACTORS
650 ## - SUBJECT ADDED ENTRY--TOPICAL TERM
Topical term or geographic name entry element OCCUPIERS
650 ## - SUBJECT ADDED ENTRY--TOPICAL TERM
Topical term or geographic name entry element ARCHITECTS
650 ## - SUBJECT ADDED ENTRY--TOPICAL TERM
Topical term or geographic name entry element THE HAGUE
650 ## - SUBJECT ADDED ENTRY--TOPICAL TERM
Topical term or geographic name entry element PROFILES
650 ## - SUBJECT ADDED ENTRY--TOPICAL TERM
Topical term or geographic name entry element RECRUITMENT ISSUES
690 ## - LOCAL SUBJECT ADDED ENTRY--TOPICAL TERM (OCLC, RLIN)
Topical term or geographic name as entry element BUILDING AND CONSTRUCTION
700 ## - ADDED ENTRY--PERSONAL NAME
Personal name Melvin, J.
700 ## - ADDED ENTRY--PERSONAL NAME
Personal name Leftly, M.
942 ## - ADDED ENTRY ELEMENTS (KOHA)
Suppress in OPAC 0
Holdings
Withdrawn status Lost status Source of classification or shelving scheme Damaged status Not for loan Home library Current library Shelving location Date acquired Total Checkouts Full call number Barcode Date last seen Copy number Price effective from Koha item type
    Dewey Decimal Classification     London London Journal article 14/10/2004   ABS68296 127704-1001 06/08/2019 1 06/08/2019 Journal article